Contribución al conocimiento de la taxonomía y del modo reproductivo del pasto llorón Eragrostis curvula (Scharad.) Nees /

Guardado en:
Otros Autores: Zappacosta, Diego Carlos. (Disertante), Echenique, Viviana. (Orientador)
Formato: Manuscrito
Idioma:Spanish
Publicado: 2009.
Materias:
Acceso en línea:Texto completo
Etiquetas: Agregar Etiqueta
Sin Etiquetas, Sea el primero en etiquetar este registro!
LEADER 01295ntm a22002895a 4500
001 EUN.eunm003321
008 100917s2009####ag#######bm###000#0#spa#d
005 20241028134006.0
245 1 0 |a Contribución al conocimiento de la taxonomía y del modo reproductivo del pasto llorón Eragrostis curvula (Scharad.) Nees /  |c Diego Carlos Zappacosta. 
260 |c 2009. 
300 |a xiii, 160 h. :  |b il. (principalmente col.) ;  |c 30 cm. 
500 |a "Tesis de Doctorado en Agronomía". 
500 |a Director de tesis: Viviana Echenique. 
502 |a Tesis (doctoral)--Universidad Nacional del Sur. Departamento de Agronomía, 2009. 
504 |a Incluye referencias bibliográficas (p. 137-151). 
530 |a Disponible también en formato digital. 
100 1 |a Zappacosta, Diego Carlos.  |4 dis 
700 1 |a Echenique, Viviana.  |4 ths 
710 2 |a Universidad Nacional del Sur.  |b Departamento de Agronomía.  |4 dgg. 
082 0 4 |a 040  |2 15 
650 7 |a Genética.  |2 unbist 
650 7 |a Botánica.  |2 unbist 
650 7 |a Pastizales.  |2 unbist 
653 |a Taxonomía. 
856 4 1 |3 Texto completo  |u https://repositoriodigital.uns.edu.ar/handle/123456789/2084 
859 |a AR-BaUNS  |b BIB. CENTRAL - Tesis  |h 040  |i B148 2009-990z  |k R  |p 121677/010 
859 |a AR-BaUNS  |b Dto. Agronomia  |h 040  |i B148 2009-990z  |p 121678/010